Normal view MARC view

Entry Personal Name

Number of records used in: 1

001 - CONTROL NUMBER

  • control field: 70134

003 - CONTROL NUMBER IDENTIFIER

  • control field: dpl

005 - DATE AND TIME OF LATEST TRANSACTION

  • control field: 20240816150948.0

008 - FIXED-LENGTH DATA ELEMENTS

  • fixed length control field: 240816|| aca||aabn | a|a d

040 ## - CATALOGING SOURCE

  • Original cataloging agency: dpl
  • Transcribing agency: dpl

100 ## - HEADING--PERSONAL NAME

  • Personal name: Daniel, Moses,.R

670 ## - SOURCE DATA FOUND

  • Source citation: Work cat.: (dpl)204489: Daniel, Moses,.R, HR Challenges In Global Business/, 2011

© Delhi Public Library
Hit Counter
free hit counter